000 00627nam a2200217 i 4500
003 DO-SdBNP
005 20230504112514.0
006 a||||fr|||| 00| 0
007 ta
008 230504e1929 dr ||||fr|||| 000 0 spa d
040 _aDO-SdBNP
_bspa
_cBNPHU
_erda
082 4 _222
_bE795a
245 0 0 _aEstatutos de la Asociación nacional de estudiantes universitarios.
264 3 1 _aSanto Domingo :
_bMontalvo,
_c1929
300 _a17 páginas ;
_c22 cm
336 _2rdaconten
_atexto
_btxt
337 _2rdamedia
_asin medición
_bn
338 _2rdacarrier
_avolumen
_bnc
590 _aInventariado 2023 / MF
942 _2ddc
_cLF2
999 _c53418
_d53418